Ελληνικής λογοτεχνίας : τα ετεροθαλή ; μελέτες για την παιδική, τη νεανική και τη λογοτεχνία για ενήλικες

Αποθηκεύτηκε σε:
Λεπτομέρειες βιβλιογραφικής εγγραφής
Κύριος συγγραφέας: Παπαντωνάκης, Γεώργιος Δ., 1950-
Άλλοι συγγραφείς: Κωτόπουλος, Τριαντάφυλλος Η.
Μορφή: Βιβλίο
Γλώσσα:Greek
Δημοσίευση: Αθήνα : Ίων, 2011.
Θέματα:
Ετικέτες: Προσθήκη ετικέτας
Δεν υπάρχουν, Καταχωρήστε ετικέτα πρώτοι!

MARC

LEADER 00000cam a2200000 i 4500
001 1/30641
008 130531s2011 gr | ||| |||| ||gre||
020 |a 9789605080082 
035 |l 10114594 
040 |a GR-MY-UA  |b gre  |e aacr 
041 0 |a gre 
082 7 |a 809.892   |2 (22) 
100 1 |a Παπαντωνάκης, Γεώργιος Δ.,   |d 1950- 
245 1 0 |a Ελληνικής λογοτεχνίας :   |b τα ετεροθαλή ; μελέτες για την παιδική, τη νεανική και τη λογοτεχνία για ενήλικες /   |c Γεώργιος Δ. Παπαντωνάκης, Τριαντάφυλλος Η. Κωτόπουλος.  
260 |a Αθήνα :   |b Ίων,   |c 2011.  
300 |a 361 σ. ;   |c 24 εκ. 
504 |a Περιλαμβάνει βιβλιογραφικές παραπομπές.  
650 0 0 |a Literature. 
650 0 0 |a Children's literature. 
650 0 0 |a Literature  |x Study and teaching. 
700 1 |a Κωτόπουλος, Τριαντάφυλλος Η. 
852 |a INST  |b RHODES  |c EUDOXUS  |e 20130531  |h 809.892 ΠΑΠ  |p 005400035291  |q 005400035291  |t EDX  |y 0 
901 |a BIBL4-2013-2 
909 |a Ρ  |b 176820 
920 |a ΕΥΔΟΞΟΣ  |b ΠΑΡΑΓΓΕΛΙΑ  |y Ρόδος-ΠΤΔΕ  |z 2013-05 
922 |a 4ΕΛΗ 
970 |z 2013/05/31